000 00504cam a2200205 4500
001 D4019
008 090401t1971 xxu||||| |||| 00| 0 eng d
035 _a(Sirsi) u76168
041 _aeng
050 _a692.5
100 _aGeddes, Spence
245 _aEstimating for building and civil engineering works
250 _a5th (S.I.)
260 _aLondon
_bNewnes-Butterworths
_c1971
300 _a372p. 26cm
350 _a6
700 _aChrystal-Smith, G (ed)
942 _n0
948 _c04/03/1997
999 _c96127
_d96127